Blueprint for a city in need of certainty (Record no. 68344)

MARC details
000 -LEADER
fixed length control field 00988cam a2200205 4500
001 - CONTROL NUMBER
control field ABS64515
008 - FIXED-LENGTH DATA ELEMENTS--GENERAL INFORMATION
fixed length control field 010924n2001 000 0 eng u
035 ## - SYSTEM CONTROL NUMBER
System control number (Sirsi) u114800
100 ## - MAIN ENTRY--PERSONAL NAME
Personal name Neaves, P.
245 ## - TITLE STATEMENT
Title Blueprint for a city in need of certainty
260 ## - PUBLICATION, DISTRIBUTION, ETC.
Date of publication, distribution, etc. 2001
490 ## - SERIES STATEMENT
Series statement Estates Gazette
Volume/sequential designation (0137) 15 September 2001, 148-149(2)
520 ## - SUMMARY, ETC.
Summary, etc. Discusses the nature, and aims, of the Glasgow City Local Plan, which was published in early 2001. This will eventually replace the 44 Local Plans which currently cover the city, and provide a development strategy for the next 20 years. By simplifying the city's planning procedure Glasgow authorities hope to attract more investment from Scotland, the UK and the EU. Looks at the likelty impact of the Plan on offices, retailing and residential development.
590 ## - LOCAL NOTE (RLIN)
Local note ABS
650 ## - SUBJECT ADDED ENTRY--TOPICAL TERM
Topical term or geographic name entry element GLASGOW
650 ## - SUBJECT ADDED ENTRY--TOPICAL TERM
Topical term or geographic name entry element PLANNING
650 ## - SUBJECT ADDED ENTRY--TOPICAL TERM
Topical term or geographic name entry element GLASGOW CITY LOCAL PLAN
690 ## - LOCAL SUBJECT ADDED ENTRY--TOPICAL TERM (OCLC, RLIN)
Topical term or geographic name as entry element PROPERTY-PROPERTY DEVELOPMENT
942 ## - ADDED ENTRY ELEMENTS (KOHA)
Suppress in OPAC 0
Holdings
Withdrawn status Lost status Source of classification or shelving scheme Damaged status Not for loan Home library Current library Shelving location Date acquired Total Checkouts Full call number Barcode Date last seen Copy number Price effective from Koha item type
    Dewey Decimal Classification     London London Journal article 24/09/2001   ABS64515 114800-1001 06/08/2019 1 06/08/2019 Journal article